| 000 | 00455nam a22001817a 4500 | ||
|---|---|---|---|
| 003 | LK-CoDNM | ||
| 005 | 20250127124811.0 | ||
| 008 | 250127b |||||||| |||| 00| 0 eng d | ||
| 040 |
_aLK-CoDNM _dLK-CoDNM _eLK-CoDNM |
||
| 041 | _aeng | ||
| 080 |
_a13 _bI6 |
||
| 100 | _aDoncaster,L. | ||
| 245 | _aThe determination of sex | ||
| 260 |
_bCambridge:at the university press _c1914 |
||
| 300 | _axi, 172p. : ill ; 22 cm | ||
| 650 | _aBirds | ||
| 942 | _cBK | ||
| 999 |
_c237453 _d237453 |
||